Κατάλογος Βιβλιοθηκών Mediterranean College

Ελληνική Οικονομία (Record no. 3675)

MARC details
000 -LEADER
fixed length control field 02419cam a22001934a 4500
005 - ΗΜΕΡΟΜΗΝΙΑ ΚΑΙ ΩΡΑ ΤΕΛΕΥΤΑΙΑΣ ΕΝΗΜΕΡΩΣΗΣ
Πεδίο ελέγχου 20250605164122.0
008 - FIXED-LENGTH DATA ELEMENTS--GENERAL INFORMATION
Πεδίο ελέγχου σταθερού μήκους 250528s ||||||||||||||||||||||||d
035 ## - SYSTEM CONTROL NUMBER
System control number 18312
040 ## - ΠΗΓΗ ΚΑΤΑΛΟΓΟΓΡΑΦΗΣΗΣ
Φορέας πρωτότυπης καταλογογράφησης MC Athens Campus Library
Γλώσσα καταλογογράφησης Ελληνικά, Μοντέρνα (1453-)
Modifying agency MC Athens Campus Library
Κανόνες περιγραφικής καταλογογράφησης AACR2
245 1# - ΤΙΤΛΟΣ ΚΑΙ ΔΗΛΩΣΗ ΥΠΕΥΘΥΝΟΤΗΤΑΣ
Τίτλος Ελληνική Οικονομία
260 ## - PUBLICATION, DISTRIBUTION, ETC.
Name of publisher, distributor, etc. Ίδρυμα Ευγενίδου,
Date of publication, distribution, etc. 1993
300 ## - PHYSICAL DESCRIPTION
Extent 176
520 ## - SUMMARY, ETC.
Summary, etc. Σκοπός αυτού του βιβλίου είναι η σύντομη παρουσίαση των κυριότερων επιτεύξεων της ελληνικής οικονομίας κατά τη μεταπολεμική περίοδο, καθώς επίσης και των προβλημάτων που αντιμετωπίζει ακόμη και σήμερα και τα οποία παρεμποδίζουν τη περαιτέρω ταχεία ανάπτυξη της. Η Πορεία της Ελληνικής Οικονομίας στη Μεταπολεμική Περίοδο, Εγχώριο Προϊόν και Εισόδημα, Πρωτογενής Παραγωγή, Δευτερογενής Παραγωγή, Η Δαπάνη της Οικονομίας, Το Ανθρώπινο Δυναμικό - Εργατικό Δυναμικό και Απασχόληση και Ανεργία και Μεταναστευση, Τιμές και Μισθοί και Συνδικαλισμός και Διανομή του Εισοδήματος, Περιφερειακές Ανισότητες και το Περιφερειακό Πρόβλημα, Συμμετοχή του Δημόσιου Τομέα στη Διαδικασία Οικονομικής Αναπτύξεως, Έννοια και Σημασία και Μέγεθος του Δημόσιου Τομέα, Η Διαρθρωση των Δημοσίων Δαπανών και Εσόδων, Οι Δημόσιες Επιχειρήσεις και Οργανισμοί, Οι Εξωτερικές Συναλλαγές της Ελλάδας, Εξωτερικό Εμπόριο και Ισοζύγιο Πληρωμών, Το Νέο Διεθνές Πλαίσιο της Ελληνικής Οικονομίας, Η Ευρωπαϊκή Κοινότητα, Η Ελλάδα στην Ευρωπαϊκή Κοινότητα.
700 1# - ΠΡΟΣΘΕΤΗ ΑΝΑΓΡΑΦΗ--ΦΥΣΙΚΟ ΠΡΟΣΩΠΟ
Personal name Γεωργακοπουλος Θεοδωρος Α
9 (RLIN) 1639
700 1# - ΠΡΟΣΘΕΤΗ ΑΝΑΓΡΑΦΗ--ΦΥΣΙΚΟ ΠΡΟΣΩΠΟ
Personal name Λοϊζίδης Ιωάννης
9 (RLIN) 4587
942 ## - ADDED ENTRY ELEMENTS (KOHA)
Koha item type Books
Holdings
Τύπος τεκμηρίου Βιβλιοθήκη Τρέχουσα τοποθεσία Barcode Αριθμός εισαγωγής Ημερομηνία απόκτησης Ταξιθετικό σύμβολο Αριθμός αντιτύπου Κατάσταση απόσυρσης Κατάσταση χαμένου Κατάσταση κατεστραμμένου Μη δανεισμός Σύνολο δανεισμών Ημερομηνία τελευταίας εμφάνισης Η τιμή ισχύει από
Books MC Athens Campus Library MC Athens Campus Library 9780000036742 2913 05/06/2025 330.949/5 GEO 1           05/06/2025 05/06/2025

MC Athens Campus Library
Πατησίων 94 & Κοδριγκτώνος 13, 104 34
Πελλήνης 8 & Πατησίων 107, 112 51
Τ: +30 210 8899600

MC Thessaloniki Campus Library
Ίωνος Δραγούμη 21, 54625 | Ίωνος Δραγούμη 15, 54625
Τ: +30 2310 287779 – Τ: +30 2314 440300